Essential of Biostatistics & Research Methodology/ (Record no. 206282)

MARC details
000 -LEADER
fixed length control field 00624nam a22002057a 4500
005 - DATE AND TIME OF LATEST TRANSACTION
control field 20241010164313.0
010 ## - LCCN (DPL NO)
LC control number ENG-142077
020 ## - INTERNATIONAL STANDARD BOOK NUMBER
Terms of availability 595.00
International Standard Book Number 9789393662217
035 ## - SYSTEM CONTROL NUMBER
System control number EN-125609
037 ## - SOURCE OF ACQUISITION
Source of stock number/acquisition DBAD
082 ## - DEWEY DECIMAL CLASSIFICATION NUMBER
Classification number 001.42
Edition number 4
100 ## - MAIN ENTRY--PERSONAL NAME
Personal name Saha, Indranil
245 ## - TITLE STATEMENT
Title Essential of Biostatistics & Research Methodology/
Statement of responsibility, etc By Indranil Saha [and] Bobby Paul
250 ## - EDITION STATEMENT
Edition statement 4
260 ## - PUBLICATION, DISTRIBUTION, ETC. (IMPRINT)
Date of publication, distribution, etc 2023
Name of publisher, distributor, etc Academic Publishers
Place of publication, distribution, etc Kolkatta
270 ## - ADDRESS
Address 5A Bhawani Dutta Lane
City Kolkatta
Postal code 700073
300 ## - PHYSICAL DESCRIPTION
Extent 444p.
Dimensions 24cm(hb)
700 ## - ADDED ENTRY--PERSONAL NAME
Personal name Paul, Bobby
Relator term Author
9 (RLIN) 72618
942 ## - ADDED ENTRY ELEMENTS (KOHA)
Source of classification or shelving scheme Dewey Decimal Classification
Item type English Books
Classification part 001.42
Call number suffix SAH
Holdings
Withdrawn status Lost status Not for loan Collection code Home library Current library Date acquired Source of acquisition Cost, normal purchase price Full call number Barcode Copy number Cost, replacement price Koha item type
      Non-fiction Central Library Central Library 10/10/2024 Delivery of Books Act Division 595.00 001.42 SAH EN-125609 1 595.00 English Books

© Delhi Public Library
Hit Counter
free hit counter